000 00677nam a2200205Ia 4500
003 GCL
008 140319s9999 xx 000 0 ara d
040 _aGCL /
_cGCL
082 0 4 _a001.6424
_bف م
100 1 _aفاروق محمد العامرى
245 1 0 _aموسوعة البرمجة الالكترونية : لغة الباسكال ج 5 /
_cفاروق محمد العامرى
700 1 _aفاروق سيد حسين
260 _a[S.N] :
_bميدتو للتنمية والرعاية الصحية
300 _a429 ص
490 _a
650 0 4 _aالحاسبات الالكترونية
650 0 4 _aالبرمجة
650 0 4 _aباسكال
942 _2ddc
_cBK
999 _c48527
_d48527